Find U.S. Cities by Coordinates on a Map - Randomized! - Statistics

General Stats
  • This quiz has been taken 233 times
  • The average score is 10 of 12
Answers on the Map
Answers color-coded by a green-red scale on the quiz's map according to % correct below.
 
Answer Stats
Latitude Longitude City % Correct
35.2°N 80.8°W Charlotte
100%
39.1°N 94.6°W Kansas City
100%
36.2°N 115.1°W Las Vegas
100%
35.1°N 90.0°W Memphis
100%
25.8°N 80.2°W Miami
96%
34.1°N 118.2°W Los Angeles
95%
33.4°N 112.1°W Phoenix
95%
47.6°N 122.3°W Seattle
95%
41.9°N 87.6°W Chicago
94%
33.7°N 84.4°W Atlanta
92%
29.8°N 95.4°W Houston
92%
40.0°N 75.2°W Philadelphia
92%
40.4°N 80.0°W Pittsburgh
91%
43.6°N 116.2°W Boise
90%
32.8°N 96.8°W Dallas
90%
39.7°N 105.0°W Denver
90%
42.3°N 83.0°W Detroit
90%
30.3°N 81.7°W Jacksonville
90%
32.7°N 117.2°W San Diego
90%
42.4°N 71.1°W Boston
89%
30.0°N 90.1°W New Orleans
89%
38.9°N 77.0°W Washington D.C.
89%
37.8°N 122.4°W San Francisco
88%
31.8°N 106.5°W El Paso
87%
41.5°N 81.7°W Cleveland
86%
40.7°N 74.0°W New York City
86%
45.0°N 93.3°W Minneapolis
85%
37.5°N 77.4°W Richmond
84%
28.0°N 82.5°W Tampa
84%
35.1°N 106.7°W Albuquerque
83%
38.6°N 121.5°W Sacramento
82%
28.5°N 81.4°W Orlando
81%
30.3°N 97.7°W Austin
80%
39.5°N 119.8°W Reno
80%
40.0°N 83.0°W Columbus
79%
35.5°N 97.5°W Oklahoma City
79%
36.2°N 86.8°W Nashville
78%
40.8°N 111.9°W Salt Lake City
78%
33.5°N 86.8°W Birmingham
77%
39.1°N 84.5°W Cincinnati
76%
32.2°N 111.0°W Tucson
76%
39.8°N 86.2°W Indianapolis
75%
38.6°N 90.2°W St. Louis
75%
39.3°N 76.6°W Baltimore
74%
32.8°N 79.9°W Charleston
74%
41.6°N 93.6°W Des Moines
74%
32.3°N 90.2°W Jackson
74%
38.3°N 85.8°W Louisville
74%
46.6°N 112.0°W Helena
73%
39.0°N 95.7°W Topeka
73%
34.7°N 92.3°W Little Rock
72%
45.5°N 122.7°W Portland
72%
39.8°N 89.7°W Springfield
72%
36.7°N 119.8°W Fresno
71%
43.0°N 87.9°W Milwaukee
71%
41.3°N 95.9°W Omaha
69%
29.4°N 98.5°W San Antonio
69%
35.8°N 78.6°W Raleigh
65%
36.2°N 96.0°W Tulsa
61%
42.7°N 73.8°W Albany
60%
42.9°N 78.9°W Buffalo
59%
32.4°N 86.3°W Montgomery
58%
40.8°N 96.7°W Lincoln
52%
No matching quizzes found
Score Distribution
Percent of People with Each Score
Percentile by Number Answered
Your Score History
You have not taken this quiz